000 00691nam a2200205Ia 4500
005 20260121110141.0
008 008 260114s9999 xx 000 0 hin d
020 _a9788132356158
037 _aEBOOK
040 _aCRL
_bhin
_cCRL
041 _ahin
_2hin
084 _qCRL
100 _aसीमा कुमारी / Seema Kumari
_9942654
245 0 _aअनुवाद कला: सिद्धांत और प्रयोग / Anuvad Kala: Siddhant aur Prayog
260 _bभाषा प्रकाशन / Bhasha Prakashan
_c2021
856 _uhttps://bhashaprakashan.com/product-details/378752
942 _cEBOOK
999 _c1534319
_d1534319